Science Quiz

Random Science or Math Quiz

Easy Algebra Quiz Stats

 Plays Quiz Updated Nov 5, 2015

Challenge
Share
Tweet
Embed
Score 0/30 Timer 01:30
7 Plays Today
Equation Answer % Correct
7 x N = 426
98.9%
12 + X = 153
98.9%
1 + Y = 54
98.1%
5 - R = 23
97.8%
7 x R = 142
96.9%
27 / P = 39
96.1%
Y / 5 = 525
96.1%
Y + 5 = 2217
95.9%
Y x 8 = 324
95.6%
2 x Z = 2412
94.6%
36 / P = 123
94.4%
17 - X = 710
94%
N + 13 = 2411
92.8%
22 - X = 139
90.6%
N / 5 = 420
89.6%
Equation Answer % Correct
Z - 4 = 711
88.9%
13 + M = 185
88.1%
20 - N = 515
86.9%
22 / X = 112
85.8%
3 + Z = 2118
83.8%
24 / N = 64
82%
7 + X = 92
80.9%
9 - P = 45
79.5%
10 x Y = 12012
77.7%
45 / M = 95
75.7%
6 x Z = 488
73%
23 - P = 716
66.2%
M / 8 = 324
63.6%
8 x Y = 729
60.5%
7 + Z = 158
58.1%

You're not logged in!

Compare scores with friends on all Sporcle quizzes.
OR
Log In

You Might Also Like...

Show Comments

Extras

Top Quizzes Today


Score Distribution

Your Account Isn't Verified!

In order to create a playlist on Sporcle, you need to verify the email address you used during registration. Go to your Sporcle Settings to finish the process.

Report this User

Report this user for behavior that violates our Community Guidelines.

Details: